|
|
|
|
| LEADER |
02213nam a2200397 i 4500 |
| 001 |
nkc20203254350 |
| 003 |
CZ PrNK |
| 005 |
20210107174404.0 |
| 007 |
ta |
| 008 |
200916s2020 xr g 000 p cze |
| 015 |
|
|
|a cnb003254350
|
| 020 |
|
|
|a 978-80-7530-247-2
|q (brožováno)
|
| 035 |
|
|
|a (OCoLC)1230107163
|
| 040 |
|
|
|a ABG001
|b cze
|e rda
|
| 072 |
|
7 |
|a 821.162.3-1
|x Česká poezie
|2 Konspekt
|9 25
|
| 080 |
|
|
|a 821.162.3-1
|2 MRF
|
| 080 |
|
|
|a (0:82-1/-3)
|2 MRF
|
| 100 |
1 |
|
|a Wernisch, Ivan,
|d 1942-
|7 jk01151615
|4 aut
|
| 245 |
1 |
0 |
|a Don Čičo má v klopě orchidej /
|c Ivan Wernisch
|
| 250 |
|
|
|a Vydání první
|
| 264 |
|
1 |
|a Praha :
|b Malvern,
|c 2020
|
| 300 |
|
|
|a 84 stran ;
|c 18 cm
|
| 336 |
|
|
|a text
|b txt
|2 rdacontent
|
| 337 |
|
|
|a bez média
|b n
|2 rdamedia
|
| 338 |
|
|
|a svazek
|b nc
|2 rdacarrier
|
| 520 |
2 |
|
|a Nová sbírka Ivana Wernische obsahuje básně ve verších, básně v próze a básně kombinující oba tyto směry.
|b Hravost, nápaditost a živá obraznost nepochybně patří mezi základní palné zbraně Ivana Wernische, který i ve svém novém opusu potvrzuje svou originalitu a výlučnost. Gejzír překvapivých obratů tryskající z bezmezné radosti z tvorby prosakuje i touto sbírkou a jako žíznivá houba nasává z hluboké, nevysychající a opojné studny básníkovy imaginace. Ve Wernischově poezii opět "dějí se věci": nejenže tu třeba v podivuhodných verzích odkvétají jasmíny, ale prudce se mění děje a scenérie, do vzpomínek se zatínají baziliščí drápy, hraje se oblíbená společenská hra na Rypáka a pláče se raději nad těžce poničeným trakařem než nad zaběhnutou ženou. A do toho všeho navíc přichází titulní a tajemný don Čičo, jenž "kdysi studoval na kněze a ... teď prodává o poutích požehnané okurky".
|
| 655 |
|
7 |
|a česká poezie
|7 fd133958
|2 czenas
|
| 655 |
|
7 |
|a poezie v próze
|7 fd131938
|2 czenas
|
| 655 |
|
9 |
|a Czech poetry
|2 eczenas
|
| 655 |
|
9 |
|a prose poems
|2 eczenas
|
| 910 |
2 |
|
|a BOA001
|b 1-1456.282
|
| 920 |
|
|
|a 4556518
|z ABG001
|
| 990 |
|
|
|a BK
|
| 995 |
|
|
|a 01
|
| 991 |
|
|
|b 202012
|c NOV
|
| 996 |
6 |
|
|b 2610846789
|c 1-1456.282
|l MZK
|r Sklad / do 1 hodiny
|n 2
|p p.v.
|w 001835561
|u 000010
|a 1
|e BOA001
|j MZK50
|s P
|